[Event "Moscow ol (Men)"]
[Site "Moscow"]
[Date "1994.??.??"]
[Round "11"]
[White "Atlas, Valeri"]
[Black "Mendoza, Rafael"]
[Result "1-0"]
[WhiteElo "2450"]
[BlackElo "2345"]

1.e4 c5 2.Nf3 d6 3.d4 cxd4 4.Nxd4 Nf6 5.Nc3 a6 6.Be3 e5 7.Nf3 Qc7 8.a4 b6
9.Be2 Bb7 10.Nd5 Nxd5 11.exd5 Be7 12.O-O Nd7 13.c4 O-O 14.a5 bxa5 15.Bd2 a4
16.Qxa4 Nc5 17.Qa3 e4 18.Ba5 Qc8 19.Nd4 Bf6 20.Rad1 Re8 21.Rfe1 Be5 22.b4 Nd7
23.Qh3 Nf6 24.Qxc8 Raxc8 25.g3 h5 26.h4 g6 27.Bf1 Kg7 28.Kg2 Re7 29.f4 Bxd4
30.Rxd4 e3 31.Be2 Ne4 32.Bf3 Nf6 33.Kf1 Rce8 34.Ke2 Bc8 35.c5 Bg4 36.Bxg4 hxg4
37.cxd6 Rd7 38.Bc7 Ne4 39.Kd3 Nxg3 40.Rc4 Nf5 41.Rc6 g3 42.Rxa6 Nxh4 43.Rxe3 g2
44.Ra1 Ra8 45.Ree1 Rxa1 46.Rxa1 Nf5 47.Rg1 Nxd6 48.Bxd6 Rxd6 49.Kd4 Rf6 50.Rxg2 Rxf4+
51.Kc5 Rf1 52.d6 Rc1+ 53.Kb6 Rd1 54.Kc7 Rc1+ 55.Kd8 Rb1 56.d7 Rxb4 57.Rd2 Ra4
58.Kc7 Ra7+ 59.Kc6  1-0

[Event "Moscow ol (Men)"]
[Site "Moscow"]
[Date "1994.??.??"]
[Round "11"]
[White "Stefansson, Hannes"]
[Black "Gausel, Einar"]
[Result "1-0"]
[WhiteElo "2560"]
[BlackElo "2505"]

1.e4 c5 2.Nf3 d6 3.d4 cxd4 4.Nxd4 Nf6 5.Nc3 a6 6.Be3 e5 7.Nf3 Qc7 8.a4 Be7
9.a5 Nbd7 10.Be2 O-O 11.O-O b5 12.axb6 Nxb6 13.Qd3 Bb7 14.Nd2 Rac8 15.Nb3 Nc4
16.Bc1 h6 17.Rd1 Rfe8 18.Qxc4 Qxc4 19.Bxc4 Rxc4 20.Na5 Rxc3 21.bxc3 Bxe4
22.Nc4 Bxc2 23.Rd2 Rc8 24.Nxd6 Rxc3 25.Bb2 Rd3 26.Rxd3 Bxd3 27.Bxe5 Bxd6
28.Bxd6 Bb5 29.Rc1 Ne4 30.Bf4 Kh7 31.f3 Nf6 32.Bd2 Nd7 33.Bb4 h5 34.Rd1 Kg6
35.Kf2 Ne5 36.Rd6+ f6 37.Bc3 Nf7 38.Re6 Nh6 39.Ke3 Nf5+ 40.Kf4 Kf7 41.Rb6 Bd3
42.Rb7+ Kg8 43.h4 Nxh4 44.g4 hxg4 45.fxg4 Ng6+ 46.Ke3 Bc2 47.Rc7 Bb1 48.g5 fxg5
49.Rxg7+ Kf8 50.Ra7 Nf4 51.Bb4+ Kg8 52.Kd4 g4 53.Bd6 Nh5 54.Rxa6 g3 55.Ke5 g2
56.Bc5 Bd3 57.Rd6 Bf1 58.Rh6 Ng7 59.Kf6 Ne8+ 60.Ke7 Nc7 61.Rg6+ Kh7 62.Rg5 Nb5
63.Kf8 Nc3 64.Be3 Nb5 65.Rg7+ Kh8 66.Rg6  1-0

[Event "Moscow ol (Men)"]
[Site "Moscow"]
[Date "1994.??.??"]
[Round "11"]
[White "Wang Zili"]
[Black "Van Wely, Loek"]
[Result "0-1"]
[WhiteElo "2505"]
[BlackElo "2560"]

1.e4 c5 2.Nf3 d6 3.d4 cxd4 4.Nxd4 Nf6 5.Nc3 a6 6.Be3 e6 7.a4 Nc6 8.Be2 Be7
9.O-O O-O 10.Kh1 Qc7 11.f4 Re8 12.Bd3 Nb4 13.a5 Nxd3 14.cxd3 Bd7 15.Qe1 Bc6
16.Qg3 Nd7 17.Rfc1 Qd8 18.b4 Rc8 19.Qe1 Bf6 20.Rab1 Bxd4 21.Bxd4 e5 22.fxe5 dxe5
23.Be3 Nf8 24.Rd1 Ne6 25.b5 axb5 26.Nxb5 Ra8 27.Bb6 Qd7 28.Na7 Ba4 29.Rd2 Nd4
30.Ra2 Bc2 31.Rb4 Bxd3 32.Rd2 Nc2 33.Qb1 Nxb4 34.Qxb4 Re6 35.Qc3 Rd6 36.Bc5 Rd8
37.Bxd6 Qxd6 38.h3 h5 39.Rd1 Qd4 40.Qc7 Rf8 41.Qxb7 Qf2 42.Qd5 Bf1 43.Rd2 Qxa7  0-1

[Event "Moscow ol (Women)"]
[Site "Moscow"]
[Date "1994.??.??"]
[Round "14"]
[White "Safranska, Anda"]
[Black "Baginskaite, Kamile"]
[Result "1/2-1/2"]
[WhiteElo "2305"]
[BlackElo "2325"]

1.e4 c5 2.Nf3 d6 3.d4 cxd4 4.Nxd4 Nf6 5.Nc3 a6 6.Be3 e5 7.Nb3 Be6 8.Be2 Be7
9.a4 Nc6 10.Nd5 Bxd5 11.exd5 Nb4 12.c4 a5 13.O-O b6 14.f4 O-O 15.Nd2 Na6
16.Bd3 Nc5 17.Bc2 Nfd7 18.Qg4 Bf6 19.f5 e4 20.Rab1 Ne5 21.Qh3 Re8 22.b3 Ned3
23.Rbd1 Nb2 24.Rde1 Nbd3 25.Re2 Ra7 26.Bxc5 Nxc5 27.Bxe4 Rae7 28.Rfe1 h6
29.Qf3 Bg5 30.Nf1 Re5 31.Bc2 Qf6 32.g3 Rxe2 33.Rxe2 Rxe2 34.Qxe2 Qd4+ 35.Kg2 Bf6
36.Qe8+ Kh7 37.Qxf7 Qb2 38.Qg6+ Kh8 39.Qe8+ Kh7 40.Qe2 Nxb3 41.Bd1 Qxe2+
42.Bxe2 Kg8 43.Bd1 Nc5 44.Bc2 Kf7 45.Kf3 Bd4 46.h4 h5 47.g4 hxg4+ 48.Kxg4 Nd7
49.Kf4 Ne5 50.Nd2 Bc3 51.Ne4 Bb4 52.Bb3 Nd3+ 53.Ke3 Ne5 54.h5 Ng4+ 55.Kf4 Nf6
56.Ng5+ Kg8 57.Ne4  1/2-1/2

[Event "Muenster op"]
[Site "Muenster"]
[Date "1994.??.??"]
[Round "9"]
[White "Mainka, Romuald"]
[Black "Zagorskis, Darius"]
[Result "1/2-1/2"]
[WhiteElo "2500"]
[BlackElo "2485"]

1.e4 c5 2.Nf3 d6 3.d4 cxd4 4.Nxd4 Nf6 5.Nc3 a6 6.Be3 Ng4 7.Bg5 h6 8.Bh4 g5
9.Bg3 Bg7 10.Qd2 Nc6 11.Nb3 Be6 12.Be2 Rc8 13.O-O Nge5 14.Nd5 Ng6 15.c3 O-O
16.f4 Bxd5 17.exd5 gxf4 18.Bxf4 Nxf4 19.Rxf4 Ne5 20.Kh1 e6 21.Rd1 Qe7 22.dxe6 fxe6
23.Rxf8+ Bxf8 24.Qe3 Bg7 25.Nd4 Rf8 26.Qh3 Rf6 27.Re1 Qf7 28.Kg1 Kf8 29.Bh5 Qg8
30.c4 Ke7 31.c5 dxc5 32.Qa3 Nd3 33.Nc6+ bxc6 34.Qxd3 Qc8 35.Qc2 Kf8 36.Qxc5+ Kg8
37.Bg4 Kh8 38.Bf3 e5 39.Kh1 Qd7 40.Qc4 a5 41.Rc1 Qd2 42.Rg1 Qxb2 43.Bxc6 Qb4
44.Qc2 Rf8 45.h3 Qf4 46.Be4 Qf6 47.Qc4 Qh4 48.Qc6 Qf6 49.Qb5 Qh4 50.Qb7 Rf4
51.Qc8+ Rf8 52.Qc2 Qf6 53.Qe2 Qf4 54.a4 Rc8 55.Qe1 Bf8 56.g3 Qg5 57.Kg2 Bb4
58.Qe2 Rd8 59.Rd1 Rc8 60.Bd5 Rf8 61.h4 Qg7 62.Rc1 Rd8 63.Qe4 Qf6  1/2-1/2

[Event "Nagykanizsa op"]
[Site "Nagykanizsa"]
[Date "1994.??.??"]
[Round "?"]
[White "Czebe, Attila"]
[Black "Vasilchenko, Oleg"]
[Result "0-1"]
[WhiteElo "2355"]
[BlackElo "2415"]

1.e4 c5 2.Nf3 d6 3.d4 cxd4 4.Nxd4 Nf6 5.Nc3 a6 6.Be3 Ng4 7.Bc4 Nxe3 8.fxe3 e6
9.O-O Be7 10.e5 dxe5 11.Qh5 O-O 12.Qxe5 Nd7 13.Qg3 Nf6 14.Rf3 Qd6 15.Qh3 g6
16.Raf1 e5 17.Qh6 exd4 18.Ne4 Ng4 19.Rxf7 Rxf7 20.Nxd6 Nxh6 21.Nxf7 Kg7 22.exd4 Bf5
23.Ne5 Bxc2 24.Bd5 Rd8 25.Bxb7 Rxd4 26.Bxa6 Ra4 27.Rf2 Rxa6 28.Rxc2 Rxa2
29.Rc7 Kf6 30.Nd3 Ng4 31.h3 Ra1+ 32.Rc1 Bc5+ 33.Kh1 Nf2+ 34.Kh2 Rxc1 35.Nxc1 h5
36.Kg3 Ne4+ 37.Kf3 Ng5+ 38.Ke2 Ne6 39.Nd3 Bd6 40.Kf3 Nc5 41.Nf2 Ke6 42.Ke3 Nd7
43.Ne4 Be7 44.Kf4 Nc5 45.Nf2 Bh4 46.Nh1 Bf6 47.Ke3 Kd5 48.Kf3 Nd3 49.Nf2 Bh4
50.Nd1 Bf6 51.Ne3+ Ke6 52.b3 Bc3 53.Nd1 Bb4 54.Ne3 Bc5 55.Nc4 Ne5+  0-1

[Event "Neuwied op"]
[Site "Neuwied"]
[Date "1994.??.??"]
[Round "?"]
[White "Kulaots, Kaido"]
[Black "Riemersma, Liafbern"]
[Result "0-1"]
[WhiteElo "2410"]
[BlackElo "2440"]

1.e4 c5 2.Nf3 d6 3.d4 cxd4 4.Nxd4 Nf6 5.Nc3 a6 6.Be3 e5 7.Nf3 Qc7 8.a4 h6
9.a5 Be6 10.Nd5 Nxd5 11.exd5 Bf5 12.c4 Be7 13.Bb6 Qc8 14.c5 Nd7 15.Qa4 O-O
16.c6 Nf6 17.c7 Nxd5 18.Rc1 Bd7 19.Qa3 Bc6 20.Bc4 Nf4 21.g3 Qg4 22.Rc3 Bxf3
23.Rxf3 d5 24.Rxf4 exf4 25.Be2 Qe6 26.Qd3 Bb4+ 27.Kf1 Rfe8 28.gxf4 Bd6 29.f5 Qf6
30.Qxd5 Bxc7 31.Bxc7 Qe7 32.Qxb7 Qxe2+ 33.Kg2 Qg4+ 34.Bg3 Qxf5 35.Re1 Qc8
36.Qxc8 Raxc8 37.Rd1 Red8 38.Re1 Rd5 39.b4 Kf8 40.h4 Rc4 41.Rb1 Ke7  0-1

[Event "NLD-chT9495"]
[Site "?"]
[Date "1994.??.??"]
[Round "1"]
[White "Kerkhoff, Leo J"]
[Black "Van der Vliet, Fred"]
[Result "0-1"]
[WhiteElo "2270"]
[BlackElo "2330"]

1.e4 c5 2.Nf3 d6 3.d4 cxd4 4.Nxd4 Nf6 5.Nc3 a6 6.Be3 e6 7.f3 b5 8.Qd2 Nbd7
9.g4 h6 10.h4 Bb7 11.Rg1 b4 12.Na4 e5 13.Nf5 d5 14.g5 hxg5 15.hxg5 g6 16.gxf6 gxf5
17.exd5 Qa5 18.b3 f4 19.Bf2 Qxd5 20.O-O-O Qxd2+ 21.Rxd2 Bxf3 22.Nb6 Rd8 23.Bxa6 Nxb6
24.Bxb6 Rxd2 25.Kxd2 Kd7 26.Bb5+ Ke6 27.Rg5 Bd6 28.Bd3 Kxf6  0-1

[Event "NLD-chT9495"]
[Site "?"]
[Date "1994.??.??"]
[Round "6"]
[White "Hommeles, Theo"]
[Black "Van Wely, Loek"]
[Result "0-1"]
[WhiteElo "2240"]
[BlackElo "2570"]

1.e4 c5 2.Nf3 d6 3.d4 cxd4 4.Nxd4 Nf6 5.Nc3 a6 6.Be3 e6 7.f3 b5 8.g4 h6 9.h4 Bb7
10.Bh3 b4 11.Nce2 Nfd7 12.g5 hxg5 13.hxg5 Ne5 14.Kf2 Nbd7 15.Bxe6 Rxh1 16.Bxd7+ Qxd7
17.Qxh1 d5 18.Qh2 Nc4 19.exd5 Qxd5 20.Nf4 Qe5 21.Re1 O-O-O 22.Qh3+ Kb8 23.Nd3 Qd5
24.Bf4+ Ka8 25.Nb3 a5 26.Bc7 Rc8 27.Bxa5 Nxa5 28.Re5 Rxc2+  0-1

[Event "BCF-ch"]
[Site "Norwich"]
[Date "1994.??.??"]
[Round "9"]
[White "Hennigan, Michael"]
[Black "Coleman, David"]
[Result "1-0"]
[WhiteElo "2440"]
[BlackElo "2245"]

1.e4 c5 2.Nf3 d6 3.d4 cxd4 4.Nxd4 Nf6 5.Nc3 a6 6.Be3 e6 7.f3 b5 8.g4 Bb7
9.g5 Nfd7 10.a3 Be7 11.h4 Nc6 12.Rg1 Nxd4 13.Qxd4 O-O 14.O-O-O Ne5 15.Rg3 Nc6
16.Qb6 Qb8 17.Bd2 Rc8 18.f4 b4 19.axb4 d5 20.exd5 Nxb4 21.dxe6 Rc6 22.exf7+ Kxf7
23.Qa5 Bc8 24.Bh3 Bxh3 25.Rxh3 Qc8 26.f5 Rb8 27.Qe5 Qb7 28.Re1 Bf8 29.f6 Kg8
30.h5 Nxc2 31.Qd5+ Kh8 32.Re6 Qxb2+ 33.Kd1 Rxe6 34.Qxe6 Nd4 35.Qa2 Qb7 36.Qd5 Qb6
37.Rd3 Nb3 38.Be3 Qc7 39.h6 gxh6 40.gxh6 Qh2 41.f7 Bxh6 42.Bxh6 Qg1+ 43.Ke2  1-0

[Event "CZE-ch (Women)"]
[Site "Nymburk"]
[Date "1994.??.??"]
[Round "7"]
[White "Pribylova, Ruzena"]
[Black "Halkova, Eva"]
[Result "0-1"]
[WhiteElo "2000"]
[BlackElo "2000"]

1.e4 c5 2.Nf3 d6 3.d4 cxd4 4.Nxd4 Nf6 5.Nc3 a6 6.Be3 e6 7.f3 Be7 8.Qd2 O-O
9.O-O-O b5 10.g4 Bb7 11.h4 Qc7 12.h5 Rc8 13.g5 Ne8 14.g6 Nc6 15.h6 hxg6 16.Bh3 Nxd4
17.Bxd4 Bf6 18.hxg7 Bxg7 19.Bxg7 Nxg7 20.Bg4 f5 21.exf5 exf5 22.Rh6 fxg4
23.Rxg6 Bxf3 24.Re1 Re8 25.Rxe8+ Rxe8 26.Rxd6 Re1+  0-1

[Event "Oakham"]
[Site "Oakham"]
[Date "1994.??.??"]
[Round "8"]
[White "Thorhallsson, Throstur"]
[Black "Britton, Richard"]
[Result "1-0"]
[WhiteElo "2470"]
[BlackElo "2300"]

1.e4 c5 2.Nf3 d6 3.d4 cxd4 4.Nxd4 Nf6 5.Nc3 a6 6.Be3 e5 7.Nb3 Be7 8.f3 Be6
9.Qd2 O-O 10.O-O-O a5 11.Bb5 Nc6 12.Qf2 Qb8 13.Kb1 a4 14.Bxa4 Rc8 15.Nc1 b5
16.Bb3 Bc4 17.g4 b4 18.Na4 Bxb3 19.cxb3 Nd7 20.Rd5 Nc5 21.Bxc5 dxc5 22.Ne2 Nd4
23.Rc1 Ra6 24.f4 exf4 25.Nxf4 Rf6 26.e5 Rxf4 27.Qxf4 Ne2 28.Qc4 Nxc1 29.Kxc1 Qb7
30.Kb1 Qc6 31.a3 Bf8 32.Ka2 Qb7 33.h3 Rc6 34.Rd8 Qc7 35.Qd5 c4 36.Rd7 Qc8
37.Rxf7 cxb3+ 38.Kxb3 Qe6 39.Rd7 bxa3 40.bxa3 Qxd5+ 41.Rxd5 Rc1 42.Nc3 Bxa3
43.Na2 Rh1 44.Kxa3 Rxh3+ 45.Kb4 Kf7 46.Kc5 Ke6 47.Nb4 Rg3 48.Nd3 Rxg4 49.Kc6 h5
50.Nc5+ Ke7 51.Rd7+ Ke8 52.e6 Rg6 53.Ra7 Rg1 54.Ne4 Rc1+ 55.Kd5 Rd1+ 56.Ke5 Re1
57.Rxg7  1-0

[Event "Osterskan op"]
[Site "Osterskan"]
[Date "1994.??.??"]
[Round "?"]
[White "Wedberg, Tom"]
[Black "Agrest, Evgenij"]
[Result "1/2-1/2"]
[WhiteElo "2455"]
[BlackElo "2475"]

1.e4 c5 2.Nf3 d6 3.d4 cxd4 4.Nxd4 Nf6 5.Nc3 a6 6.Be3 e6 7.f3 b5 8.g4 h6 9.h4 b4
10.Nce2 e5 11.Nb3 d5 12.Ng3 Be6 13.Bd3 Nbd7 14.Qe2 a5 15.Rg1 a4 16.Nd2 a3
17.b3 Qc7 18.g5 hxg5 19.hxg5 dxe4 20.Ngxe4 Nd5 21.Nc4 Nc5 22.Bd2 Nxd3+ 23.cxd3 Qa7
24.Qf2 Qxf2+ 25.Kxf2 f5 26.gxf6 gxf6 27.Rh1 Rxh1 28.Rxh1 O-O-O 29.Rh7 f5
30.Ng5 Bg8 31.Rh1 Bc5+ 32.Ke2 Bd4 33.Rh6 Kc7 34.Rg6 Nf4+ 35.Bxf4 exf4 36.Rxg8 Rxg8
37.Ne6+ Kd7 38.Nxd4 Rg2+ 39.Kd1 Rxa2 40.Nb6+ Ke8 41.Nd5 Rh2 42.Nxb4 a2 43.Nbc2 Rh1+
44.Kd2 a1=Q 45.Nxa1 Rxa1 46.Ne6 Rf1 47.Ke2 Rb1 48.Nxf4 Rxb3 49.Ke3 Rb4 50.Ne2 Kf7
51.f4 Kf6 52.Kf3 Rb8 53.Ke3 Re8+ 54.Kf3 Rh8 55.Ng3 Ke6 56.Ke3 Rg8 57.Kf3 Rf8
58.Ke3 Kd5 59.Ne2 Kc5 60.Ng3 Rf7 61.Ne2 Re7+ 62.Kf3 Kd5 63.Ng3 Ke6 64.Ke3 Rd7
65.Ne2 Kf6 66.Ng3 Kg6 67.Ke2 Re7+ 68.Kf3 Re8 69.Kf2 Rh8  1/2-1/2

[Event "Ostrava"]
[Site "Ostrava"]
[Date "1994.??.??"]
[Round "1"]
[White "Plachetka, Jan"]
[Black "Novikov, Igor A"]
[Result "0-1"]
[WhiteElo "2435"]
[BlackElo "2565"]

1.e4 c5 2.Nf3 d6 3.d4 cxd4 4.Nxd4 Nf6 5.Nc3 a6 6.Be3 e6 7.Be2 Be7 8.O-O O-O
9.f4 Qc7 10.a4 b6 11.Bf3 Bb7 12.f5 e5 13.Nb3 Nbd7 14.Rf2 Rfe8 15.g4 d5 16.exd5 e4
17.Be2 Bb4 18.Qd4 Bxc3 19.Qxc3 Qxc3 20.bxc3 Nxd5 21.Bd4 Rac8 22.c4 Nb4 23.Rd1 Nxc2
24.Bxg7 Kxg7 25.Rxd7 Bc6 26.f6+ Kg6 27.Rd6 Bxa4 28.Rxb6 Bxb3 29.Rxb3 Nd4
30.Ra3 Re6 31.h4 Nxe2+ 32.Rxe2 Kxf6 33.Kf2 Rxc4 34.Ke3 Kg6 35.Rea2 Rcc6 36.Kf4 Rf6+
37.Kxe4 Rc4+ 38.Ke3 Rxg4 39.Rxa6 Re6+ 40.Kf3 Rxh4 41.R6a4 Rh3+ 42.Kg2 Rh5
43.Rg4+ Kh6 44.Ra7 Rg6 45.Rg3 Rf5 46.Ra3 Kg7 47.Kh2 Rf2+ 48.Kg1 Rd2 49.Kf1 Rd7
50.Kf2 Rd2+ 51.Kf1 Rd6 52.Rgf3 Rd1+ 53.Ke2 Rd7 54.Ra4 h6 55.Raf4 Ra7 56.Kf2 Rb6
57.Rg4+ Kf8 58.Rgf4 Ra2+ 59.Kg3 Rg6+ 60.Kh3 Ra7 61.Kh2 Kg7 62.Rf2 f6 63.R4f3 Ra6
64.Rb2 Rg5 65.Rbf2 Kg6 66.Rf4 h5 67.Rb4 Re6 68.Rbf4 f5 69.Ra4 Rg4 70.Ra5 Rf6
71.Ra8 Kg5 72.Rg8+ Kh4 73.Rh8 f4 74.Kh1 Re6 75.Rg2 Rg3 76.Kg1 Re2 77.Rxg3 fxg3  0-1

[Event "Pardubice op"]
[Site "Pardubice"]
[Date "1994.??.??"]
[Round "4"]
[White "Dochev, Dimitar"]
[Black "Stohl, Igor"]
[Result "1-0"]
[WhiteElo "2430"]
[BlackElo "2560"]

1.e4 c5 2.Nf3 d6 3.d4 cxd4 4.Nxd4 Nf6 5.Nc3 a6 6.Be3 e6 7.Qd2 b5 8.f3 Nbd7
9.g4 h6 10.O-O-O Bb7 11.Bd3 Ne5 12.Rhe1 Nfd7 13.f4 Nxg4 14.Bg1 e5 15.Nf5 g6
16.Nxd6+ Bxd6 17.Be2 Bb4 18.Bxg4 Nf6 19.Qe2 Qe7 20.fxe5 Nxg4 21.Qxg4 Bxc3
22.bxc3 Bc8 23.Qf3 Qa3+ 24.Kd2 Be6 25.Qf6 O-O 26.Bd4 Qxa2 27.Rg1 Kh7 28.Rg4 Rfd8
29.Rh4 Rac8 30.Qg5 h5 31.Ke3 Qxc2 32.Rxh5+ Kg8 33.Qh6 gxh5 34.Qg5+ Kh7 35.Qxh5+ Kg7
36.Qg5+ Kh7 37.Qh4+ Kg7 38.Rg1+ Kf8 39.Bc5+  1-0

[Event "Pardubice"]
[Site "Pardubice"]
[Date "1994.??.??"]
[Round "5"]
[White "Shirov, Alexei"]
[Black "Ftacnik, Lubomir"]
[Result "1/2-1/2"]
[WhiteElo "2740"]
[BlackElo "2570"]

1.e4 c5 2.Nf3 d6 3.d4 cxd4 4.Nxd4 Nf6 5.Nc3 a6 6.Be3 e6 7.Be2 Qc7 8.g4 h6
9.f4 e5 10.Nf5 g6 11.Ng3 exf4 12.Bxf4 Be6 13.Qd2 Nbd7 14.O-O-O O-O-O 15.Nd5 Bxd5
16.exd5 Bg7 17.h4 Nb6 18.Qa5 Rhe8 19.Rd3 Ne4 20.Rb3 Nxg3 21.Bxa6 Ne2+ 22.Kd1 Bd4
23.Bxe2 Rxe2 24.Kxe2 Qxc2+ 25.Qd2 Qe4+ 26.Be3 Bxe3 27.Qxe3 Qg2+ 28.Kd3 Qxh1
29.Qxb6 Qd1+ 30.Kc3 Rd7 31.Kb4 Qxd5 32.Rc3+ Kb8 33.Qe3 Qe6 34.Qxh6 Qxg4+
35.Rc4 Qg1 36.Qh8+ Ka7 37.Ka3 Qe3+ 38.b3 d5 39.Rc8 Rd6 40.Ra8+ Kb6 41.Qb8 Qc1+
42.Ka4 Qc6+  1/2-1/2

[Event "Paris op"]
[Site "Paris"]
[Date "1994.??.??"]
[Round "1"]
[White "Korneev, Oleg"]
[Black "Leroy, Adrien"]
[Result "1-0"]
[WhiteElo "2500"]
[BlackElo "2340"]

1.e4 c5 2.Nf3 d6 3.d4 cxd4 4.Nxd4 Nf6 5.Nc3 a6 6.Be3 e6 7.f3 b5 8.g4 h6 9.Qd2 Bb7
10.O-O-O Nbd7 11.h4 b4 12.Nce2 d5 13.Bh3 Ne5 14.g5 Nc4 15.Qd3 Nd7 16.exd5 Nce5
17.Qd2 Bxd5 18.Nf4 Nxf3 19.Qf2 Nxg5 20.hxg5 Bxh1 21.g6  1-0

[Event "Paris op"]
[Site "Paris"]
[Date "1994.??.??"]
[Round "8"]
[White "Anka, Emil"]
[Black "Barczay, Laszlo"]
[Result "0-1"]
[WhiteElo "2390"]
[BlackElo "2380"]

1.e4 c5 2.Nf3 d6 3.d4 cxd4 4.Nxd4 Nf6 5.Nc3 a6 6.Be3 e6 7.f3 b5 8.Qd2 Nbd7
9.g4 Nb6 10.g5 Nfd7 11.h4 b4 12.Nd1 d5 13.Nf2 Bb7 14.O-O-O Qc7 15.Bf4 Bd6
16.Bxd6 Qxd6 17.exd5 Bxd5 18.Ne4 Qe7 19.Bd3 Ne5 20.Qf4 Nxd3+ 21.Rxd3 e5 22.Qg3 Bxe4
23.Re1 O-O 24.Rxe4 Rfe8 25.h5 Rac8 26.Nf5 Qc5 27.Re2 e4 28.fxe4 Rxe4 29.Rde3 Rxe3
30.Qxe3 Qxe3+ 31.Rxe3 Kf8 32.h6 gxh6 33.gxh6 Nc4 34.Re4 a5 35.b3 Rc5 36.Ng7 Ne5
37.Kd2 Ke7 38.Nf5+ Kf6 39.Ne3 Kg6 40.Kd1 f5 41.Rf4 Ng4 42.Nc4 Kxh6 43.c3 Kg5
44.Rd4 bxc3 45.Kc2 h5 46.Kxc3 h4 47.b4 axb4+ 48.Kxb4 Rc7 49.Nd2 Ne5 50.Rd5 Kf4
51.Rxe5 Kxe5 52.Nf3+ Kd5 53.a4 Rb7+ 54.Ka5 h3  0-1

[Event "Passau op"]
[Site "Passau"]
[Date "1994.??.??"]
[Round "?"]
[White "Kuczynski, Robert"]
[Black "Trichkov, Vasil"]
[Result "1-0"]
[WhiteElo "2510"]
[BlackElo "2415"]

1.e4 c5 2.Nf3 d6 3.d4 Nf6 4.Nc3 cxd4 5.Nxd4 a6 6.Be3 e5 7.Nb3 Be6 8.f3 Nbd7
9.g4 Nb6 10.g5 Nfd7 11.Qd2 Nc4 12.Bxc4 Bxc4 13.O-O-O a5 14.Kb1 a4 15.Nc1 Be7
16.h4 Qa5 17.f4 O-O 18.f5 Rfc8 19.a3 Bf8 20.Rhe1 Ra6 21.N1a2 Nc5 22.Bf2 Rb6
23.Nd5 Qxd2 24.Rxd2 Ra6 25.Nab4 Bxd5 26.Nxa6 Nxe4 27.Rxd5 Nxf2 28.Nb4 Rc4
29.Ra5 Rxh4 30.Ra8 f6 31.g6  1-0

[Event "Peristeri"]
[Site "Peristeri"]
[Date "1994.??.??"]
[Round "3"]
[White "Kotronias, Vasilios"]
[Black "Istratescu, Andrei"]
[Result "0-1"]
[WhiteElo "2545"]
[BlackElo "2515"]

1.e4 c5 2.Nf3 d6 3.d4 cxd4 4.Nxd4 Nf6 5.Nc3 a6 6.Be3 e5 7.Nb3 Be6 8.f4 exf4
9.Bxf4 Nc6 10.Qd2 Be7 11.O-O-O Ne5 12.Nd4 O-O 13.Nf5 Bxf5 14.exf5 Qc8 15.Be2 Qxf5
16.g4 Nexg4 17.Bxg4 Nxg4 18.Nd5 Bh4 19.Rhf1 Qe6 20.Qb4 Rac8 21.Qxb7 Qe2 22.Kb1 Qxc2+
23.Ka1 Rb8  0-1

[Event "POL-ch U20 Girls"]
[Site "?"]
[Date "1994.??.??"]
[Round "3"]
[White "Rusak, Dorota"]
[Black "Jablonska, Hanna"]
[Result "0-1"]
[WhiteElo "2115"]
[BlackElo "2075"]

1.e4 c5 2.Nf3 d6 3.d4 cxd4 4.Nxd4 Nf6 5.Nc3 a6 6.Be3 e5 7.Nb3 Be6 8.Qd2 Nbd7
9.f3 b5 10.a4 b4 11.Nd5 Bxd5 12.exd5 Nb6 13.Bxb6 Qxb6 14.O-O-O Be7 15.g4 O-O
16.h4 Rfc8 17.h5 Qc7 18.Rh2 Nd7 19.Qxb4 Bg5+ 20.Kb1 Rcb8 21.Qe4 Qb7 22.Ka2 Nf6
23.Qd3 Qb4 24.Qc4 Qxc4 25.Bxc4 Rb4 26.Be2 Rxa4+ 27.Kb1 Rb4 28.Na5 Rab8 29.b3 Ra4
30.Nc6 Rb7 31.Kb2 e4 32.c4 Bf4 33.Rg2 Nd7 34.Kc3 Ra3 35.Rb1 Nc5 36.fxe4 Nxe4+
37.Kc2 Nd2 38.Rb2 Nxb3 39.Rf2 Be5 40.Rb1 Na1+ 41.Rxa1 Bxa1  0-1

[Event "POL-ch U20 Girls"]
[Site "?"]
[Date "1994.??.??"]
[Round "7"]
[White "Blimke, Dalia"]
[Black "Jablonska, Hanna"]
[Result "1/2-1/2"]
[WhiteElo "2085"]
[BlackElo "2075"]

1.e4 c5 2.Nf3 d6 3.d4 cxd4 4.Nxd4 Nf6 5.Nc3 a6 6.Be3 e5 7.Nb3 Be6 8.f3 b5
9.Qd2 Nbd7 10.O-O-O Be7 11.g4 Nb6 12.Bxb6 Qxb6 13.Nd5 Nxd5 14.exd5 Bd7 15.Kb1 O-O
16.Bd3 a5 17.Nc1 b4 18.Rhg1 a4 19.Rg3 b3 20.cxb3 axb3 21.a3 h6 22.h4 Bxh4
23.Rh3 Bg5 24.Qxg5 hxg5 25.Bh7+ Kh8 26.Bg6+ Kg8 27.Rh8+ Kxh8 28.Rh1+ Kg8
29.Bh7+ Kh8 30.Bg6+ Kg8 31.Bh7+ Kh8  1/2-1/2

[Event "POL-ch U20 Girls"]
[Site "?"]
[Date "1994.??.??"]
[Round "9"]
[White "Grabarska, Barbara"]
[Black "Dworakowska, Joanna"]
[Result "1/2-1/2"]
[WhiteElo "2020"]
[BlackElo "2190"]

1.e4 c5 2.Nf3 d6 3.d4 cxd4 4.Nxd4 Nf6 5.Nc3 a6 6.Be3 e5 7.Nf3 Qc7 8.Be2 Be7
9.a4 h6 10.a5 O-O 11.O-O Nc6 12.Bb6 Qd7 13.Qd2 Bd8 14.Bxd8 Rxd8 15.Bc4 Qe8
16.Nd5 Nxd5 17.Bxd5 Be6 18.Rfd1 Rac8 19.Ra3 Rc7 20.Rd3 Rcd7 21.Qc3 Bxd5 22.Rxd5 Ne7
23.R5d3 f5 24.Qc4+ Kh8 25.Nh4 f4 26.Qe6 Qh5 27.g3 d5 28.exd5 Qe2 29.d6 fxg3
30.hxg3 Nc6 31.R3d2 Qh5 32.Ng6+ Kh7 33.Nf8+ Rxf8 34.Qxd7 Nd4 35.Rxd4 exd4
36.Rxd4 Re8 37.g4 Re1+ 38.Kg2 Qh1+ 39.Kg3 Qg1+ 40.Kf3 Qh1+ 41.Kf4 Qh2+ 42.Kf3 Qh3+
43.Kf4 Qh2+  1/2-1/2

[Event "POL-ch U20"]
[Site "?"]
[Date "1994.??.??"]
[Round "2"]
[White "Murawski, Grzegorz"]
[Black "Kaminski, Marcin"]
[Result "0-1"]
[WhiteElo "2210"]
[BlackElo "2445"]

1.e4 c5 2.Nf3 d6 3.d4 cxd4 4.Nxd4 Nf6 5.Nc3 a6 6.Be3 e6 7.Qd2 b5 8.f3 Bb7
9.O-O-O Nbd7 10.g4 Nb6 11.Qf2 Nfd7 12.Kb1 Rc8 13.h4 Nc4 14.Bxc4 Rxc4 15.Rhe1 Rc8
16.g5 Qc7 17.h5 b4 18.Na4 g6 19.Nb3 Nc5 20.Naxc5 dxc5 21.hxg6 hxg6 22.Rh1 Rxh1
23.Rxh1 c4 24.Nc1 Bg7 25.Bd4 e5 26.Be3 Qd6 27.b3 a5 28.bxc4 a4 29.Nd3 b3
30.Bc5 bxc2+ 31.Kxc2 Qe6 32.Nb2 a3 33.Bxa3 Ba6 34.Rh7 Bxc4 35.Bc5 Bxa2 36.Qe3 Qb6
37.Nd3 Bb1+ 38.Kd2 Qa5+ 39.Bb4 Qa2+ 40.Kd1 Bc2+ 41.Ke1 Bxd3  0-1

[Event "Wisla op (Women)"]
[Site "Poland"]
[Date "1994.??.??"]
[Round "?"]
[White "Blimke, Dalia"]
[Black "Radzikowska, Krystyna"]
[Result "1-0"]
[WhiteElo "2085"]
[BlackElo "2050"]

1.e4 c5 2.Nf3 a6 3.Nc3 d6 4.d4 cxd4 5.Nxd4 Nf6 6.Be3 Ng4 7.Bg5 h6 8.Bh4 g6
9.Be2 Ne5 10.O-O Bg7 11.f4 Nec6 12.Bf2 O-O 13.Kh1 Nxd4 14.Bxd4 Nc6 15.Bxg7 Kxg7
16.Nd5 e6 17.Ne3 f5 18.exf5 exf5 19.Qd2 Be6 20.Rad1 Qf6 21.Nd5 Bxd5 22.Qxd5 Rfd8
23.Rfe1 Rd7 24.c3 Qf7 25.Qxf7+ Kxf7 26.Bc4+ Kg7 27.Kg1 Rad8 28.Bd5 Ne7 29.Bf3 h5
30.Re2 Kf7 31.h3 Kf6 32.Rde1 Kf7 33.Re3 Rc8 34.Bd1 Kf8 35.Bb3 Rcd8 36.Re6 d5
37.Bd1 Rc8 38.Bf3 Kf7 39.Kf2 Rc4 40.Rxe7+ Rxe7 41.Bxd5+ Kf6 42.Bxc4  1-0

[Event "POR-ch"]
[Site "?"]
[Date "1994.??.??"]
[Round "5"]
[White "Oliveira, Luis"]
[Black "Silva, Fernando"]
[Result "1/2-1/2"]
[WhiteElo "2110"]
[BlackElo "2385"]

1.e4 c5 2.Nf3 d6 3.d4 cxd4 4.Nxd4 Nf6 5.Nc3 a6 6.Be3 e5 7.Nb3 Be7 8.f3 O-O
9.Qd2 Nbd7 10.g4 b5 11.g5 Ne8 12.O-O-O Bb7 13.h4 b4 14.Nd5 a5 15.Kb1 a4 16.Nc1 Bxd5
17.exd5 Qb8 18.h5 Nc5 19.Bxc5 dxc5 20.Bd3 Nd6 21.Rdg1 c4 22.Bxh7+ Kh8 23.g6 c3
24.Qg2 cxb2 25.h6 bxc1=Q+ 26.Kxc1 f6 27.Bg8 Qb6 28.hxg7+ Kxg7 29.Rh7+ Kxg8
30.Rh8+ Kg7 31.Rh7+ Kg8 32.g7 Qxg1+ 33.Qxg1 Kxh7 34.gxf8=Q Bxf8 35.Qg4 Ra7
36.Qe6 Kg7 37.Qg4+ Kf7 38.Qh5+ Kg7 39.Qg4+ Kf7 40.Qh5+ Ke7 41.Qh7+ Nf7 42.Qf5 Nd8
43.Qh7+ Nf7 44.Qf5 Nd8 45.Qh7+ Nf7 46.Qf5  1/2-1/2

[Event "Pula PCA op"]
[Site "Pula"]
[Date "1994.??.??"]
[Round "?"]
[White "Palac, Mladen"]
[Black "Gurevich, Vladimir"]
[Result "0-1"]
[WhiteElo "2505"]
[BlackElo "2420"]

1.e4 c5 2.Nf3 d6 3.d4 cxd4 4.Nxd4 Nf6 5.Nc3 a6 6.Be3 e6 7.Be2 Qc7 8.f4 b5
9.Bf3 Bb7 10.e5 dxe5 11.Bxb7 exd4 12.Bxa8 dxe3 13.Qf3 Ba3 14.Nd1 Bxb2 15.Nxb2 Qc3+
16.Kf1 Qxb2 17.Re1 O-O 18.Qxe3 Qxc2 19.Qb3 Qc7 20.Qb4 Rd8 21.Bf3 Nd5 22.Bxd5 Rxd5
23.g3 Nd7 24.Qe4 Qc6 25.Rg1 Nf6 26.Qf3 Qc4+ 27.Re2 g6 28.Kg2 Rd3 29.Qa8+ Kg7
30.Rge1 b4 31.Qb8 Qd5+ 32.Kg1 a5 33.Qe5 Qxe5 34.Rxe5 Ra3 35.R5e2 Nd5 36.Rb2 Kf6
37.Ree2 Nc3 38.Red2 Kf5 39.Kg2 Ke4 40.Kf2 e5 41.fxe5 Kxe5 42.Kg2 f5 43.Rbc2 Ke4
44.Kf2 g5 45.Kg2 h5 46.Rf2 f4 47.gxf4 gxf4 48.Rf3 Ra4 49.Rff2 h4 50.Kh3 f3
51.Kxh4 Rxa2 52.Rxa2 Nxa2 53.Kg4 Nc1 54.Rxf3 b3 55.Rf8 a4 56.Rf4+ Kd3 57.Rxa4 Kc3
58.Ra3 Kd4 59.Rxb3 Nxb3 60.Kg5  0-1

[Event "Pula PCA op"]
[Site "Pula"]
[Date "1994.??.??"]
[Round "?"]
[White "Frolov, Artur"]
[Black "Shneider, Aleksandr"]
[Result "1/2-1/2"]
[WhiteElo "2525"]
[BlackElo "2570"]

1.e4 c5 2.Nf3 d6 3.d4 cxd4 4.Nxd4 Nf6 5.Nc3 a6 6.Be3 e6 7.f3 b5 8.g4 h6 9.h4 b4
10.Nce2 e5 11.Nb3 Be6 12.Rg1 Nfd7 13.g5 hxg5 14.hxg5 Nc6 15.Qd2 Nb6 16.Ng3 Nc4
17.Bxc4 Bxc4 18.O-O-O g6 19.Kb1 a5 20.Nc1 a4 21.Rh1 Rxh1 22.Rxh1 Qa5 23.Rh8 Kd7
24.b3 axb3 25.cxb3 Be6 26.Nf1 Kc7 27.Rh2 d5 28.Qc2 Rd8 29.Nd2 Qb5 30.exd5 Qxd5
31.Ne4 Qd1 32.Qf2 Kb7 33.Kb2 Bf5 34.Rh7 Rd7 35.Qe2 Qxe2+ 36.Nxe2 Kc8 37.Rh8 Rd8
38.Bb6 Bg7 39.Rh7 Rg8 40.N2g3 Kd7 41.Nxf5 gxf5 42.Ng3 Ke6 43.Nh5 Bf8 44.f4 exf4
45.Nxf4+ Ke5 46.Bc7+ Bd6  1/2-1/2